| 000 | 01497nkm a2200313 i 4500 | ||
|---|---|---|---|
| 001 | 4301 | ||
| 003 | ES-MaACL | ||
| 005 | 20250713063009.0 | ||
| 007 | khrbo | ||
| 008 | 070706s1988 sp --- g |001||spa d | ||
| 100 | 0 |
_aAlfonso, _d1902-1990 _919858 |
|
| 245 | 1 | 0 |
_aReglamentación para la apertura de nuevas oficinas de farmacia [ _hFotografía] _b: actual situación y futuro de las mismas / _cAlfonso (sello). |
| 260 |
_a[S.l. : _bs.n.], _c1988. |
||
| 300 |
_a2fot. : _bb. y n. ; _c12 x 18 cm. |
||
| 500 | _aDatos basados en invitación. | ||
| 511 | 0 | _aIntervienen: Federico Plaza Caldeiro, José Lario Torres, Mª Jesús Sánchez Fierro, Manuel Matheu Luaces, Manuel Torres Sánchez, Ernesto Fernández Martínez. | |
| 518 | _aActo organizado por la Sección de Farmacia del Ateneo de Madrid, celebrado en el salón de la cacharrería el viernes, 29 de abril de 1988, a las 20:00 h. | ||
| 600 | 1 | 4 |
_aPlaza Caldeiro, Federico. _992627 |
| 600 | 1 | 4 |
_aLario Torres, José. _970259 |
| 600 | 1 | 4 |
_aSánchez Fierro, María Jesús. _9102645 |
| 600 | 1 | 4 |
_aMatheu Luaces, Manuel. _979027 |
| 600 | 1 | 4 |
_aTorres Sánchez, Manuel. _9111017 |
| 600 | 1 | 4 |
_aFernández Martínez, Ernesto. _949906 |
| 610 | 2 | 4 |
_aAteneo de Madrid- _xActos culturales- _y1988- _vFotografías. _91903 |
| 710 | 2 |
_aAteneo de Madrid. _bSección de Farmacia. _91991 |
|
| 852 |
_aES-MaACL _jFOT 115/1988 |
||
| 856 | 4 |
_uhttp://www.ateneodemadrid.net/biblioteca_digital/imagenes/1988/0115-1988.jpg _zVer imagen |
|
| 999 |
_c4301 _d4301 |
||